五十音順最後に来る市町村100 (2000年) - Statistics

General Stats
  • This quiz has been taken 60 times
  • The average score is 46 of 117
Answer Stats
順番 都道府県 市町村名 % Correct
1 埼玉県 蕨市
92%
22 和歌山県 和歌山市
82%
17 埼玉県 和光市
80%
34 北海道 留萌市
71%
80 埼玉県 | 広島県 | 愛媛県 | +3 others 吉田町
71%
15 石川県 輪島市
69%
77 奈良県 | 徳島県 吉野町
69%
18 岡山県 和気町
67%
6 北海道 稚内市
65%
81 埼玉県 吉川市
65%
86 神奈川県 横浜市
65%
12 千葉県 和田町
61%
32 北海道 礼文町
59%
島根県 吉田村
59%
87 秋田県 横手市
59%
5 北海道 和寒町
57%
21 山口県 和木町
53%
30 青森県 六ヶ所村
53%
50 北海道 利尻町
53%
71 千葉県 四街道市
53%
84 岡山県 | 福岡県 | 群馬県 | 長崎県 吉井町
53%
7 京都府 和束町
51%
長野県 和田村
51%
45 茨城県 龍ケ崎市
51%
兵庫県 | 新潟県 吉川町
51%
高知県 吉川村
51%
85 青森県 横浜町
51%
90 神奈川県 横須賀市
51%
46 山梨県 | 滋賀県 竜王町
49%
49 北海道 利尻富士町
49%
63 埼玉県 与野市
49%
69 沖縄県 与那国町
49%
72 三重県 四日市市
49%
35 北海道 留辺蘂町
47%
82 群馬県 吉岡町
47%
3 岐阜県 輪之内町
45%
徳島県 脇町
45%
33 熊本県 苓北町
45%
48 滋賀県 栗東町
45%
68 鳥取県 米子市
45%
88 島根県 横田町
45%
89 埼玉県 横瀬町
45%
9 宮城県 亘理町
43%
29 青森県 六戸町
43%
55 北海道 羅臼町
43%
66 沖縄県 与那原町
43%
岡山県 芳井町
43%
4 鹿児島県 和泊町
41%
52 宮城県 陸前高田市
41%
54 北海道 蘭越町
41%
74 埼玉県 吉見町
41%
11 兵庫県 和田山町
39%
19 宮城県 涌谷町
39%
47 宮城県 利府町
39%
51 北海道 陸別町
39%
53 埼玉県 嵐山町
39%
56 鹿児島県 与論町
39%
94 鹿児島県 横川町
39%
58 埼玉県 寄居町
37%
60 沖縄県 読谷村
37%
8 京都府 和知町
35%
10 三重県 度会町
35%
65 山形県 米沢市
35%
99 滋賀県 八日市市
35%
36 北海道 留寿都村
33%
92 千葉県 横芝町
33%
98 千葉県 八日市場市
33%
38 新潟県 両津市
31%
13 埼玉県 鷲宮町
29%
100 兵庫県 八鹿町
27%
24 福岡県 若宮町
24%
27 鳥取県 若桜町
24%
97 岐阜県 養老町
24%
31 山梨県 | 秋田県 六郷町
22%
43 和歌山 龍神村
22%
64 宮城県 米山町
22%
78 岡山県 吉永町
22%
79 福岡県 吉富町
22%
91 熊本県 横島町
22%
95 滋賀県 余呉町
22%
26 長崎県 若松町
20%
20 青森県 脇野沢村
18%
59 青森県 蓬田村
18%
2 岐阜県 和良村
16%
70 鳥取県 淀江町
16%
75 鹿児島県 吉松町
16%
25 秋田県 若美町
14%
39 福島県 霊山町
14%
67 沖縄県 与那城町
14%
42 熊本県 竜北町
12%
61 佐賀県 呼子町
12%
76 石川県 吉野谷村
12%
40 埼玉県 両神村
10%
41 埼玉県 竜洋町
10%
57 岡山県 寄島町
10%
62 大分県 米水津村
10%
93 新潟県 横越町
10%
14 新潟県 和島村
8%
16 徳島県 鷲敷町
8%
23 宮城県 若柳町
8%
44 熊本県 龍ヶ岳町
8%
73 広島県 吉和村
8%
83 愛媛県 吉海町
8%
37 香川県 綾南町
4%
28 山梨県 若草町
2%
No matching quizzes found
Score Distribution
Percent of People with Each Score
Percentile by Number Answered
Your Score History
You have not taken this quiz